Κατάλογος Βιβλιοθηκών Mediterranean College

In Search of Excellence / Lessons from America's Best-Run Companies (Record no. 712)

MARC details
000 -LEADER
fixed length control field 01422cam a22002174a 4500
005 - ΗΜΕΡΟΜΗΝΙΑ ΚΑΙ ΩΡΑ ΤΕΛΕΥΤΑΙΑΣ ΕΝΗΜΕΡΩΣΗΣ
Πεδίο ελέγχου 20250605163943.0
008 - FIXED-LENGTH DATA ELEMENTS--GENERAL INFORMATION
Πεδίο ελέγχου σταθερού μήκους 250528s ||||||||||||||||||||||||d
035 ## - SYSTEM CONTROL NUMBER
System control number 15115
020 ## - ISBN
ISBN 446385077
040 ## - ΠΗΓΗ ΚΑΤΑΛΟΓΟΓΡΑΦΗΣΗΣ
Φορέας πρωτότυπης καταλογογράφησης MC Athens Campus Library
Γλώσσα καταλογογράφησης Ελληνικά, Μοντέρνα (1453-)
Modifying agency MC Athens Campus Library
Κανόνες περιγραφικής καταλογογράφησης AACR2
245 1# - ΤΙΤΛΟΣ ΚΑΙ ΔΗΛΩΣΗ ΥΠΕΥΘΥΝΟΤΗΤΑΣ
Τίτλος In Search of Excellence / Lessons from America's Best-Run Companies
260 ## - PUBLICATION, DISTRIBUTION, ETC.
Name of publisher, distributor, etc. Warner Books,
Date of publication, distribution, etc. 1984
300 ## - PHYSICAL DESCRIPTION
Extent 360
505 0# - FORMATTED CONTENTS NOTE
Formatted contents note Acknowledgements, Preface, Introduction, The Saving Remnant, Successful American Companies, Toward Ne Theory, The Rational Model, Man Waiting for Motivation, Back to Basics, Managing Ambiguity and Paradox, A Bias for Action, Close to the Customer, Autonomy and Entrepreneurship, Productivity Through People, Hands-On and Value Driven, Stick to the Knitting, Simple Form and Lean Staff, Simultaneous Loose-Tight Properties, Notes, Index.
520 ## - SUMMARY, ETC.
Summary, etc. Acknowledgements, Preface, Introduction, The Saving Remnant, Successful American Companies, Toward Ne Theory, The Rational Model, Man Waiting for Motivation, Back to Basics, Managing Ambiguity and Paradox, A Bias for Action, Close to the Customer, Autonomy and Entrepreneurship, Productivity Through People, Hands-On and Value Driven, Stick to the Knitting, Simple Form and Lean Staff, Simultaneous Loose-Tight Properties, Notes, Index.
700 1# - ΠΡΟΣΘΕΤΗ ΑΝΑΓΡΑΦΗ--ΦΥΣΙΚΟ ΠΡΟΣΩΠΟ
Personal name Peters J. Thomas
9 (RLIN) 963
700 1# - ΠΡΟΣΘΕΤΗ ΑΝΑΓΡΑΦΗ--ΦΥΣΙΚΟ ΠΡΟΣΩΠΟ
Personal name Waterman H. Robert
9 (RLIN) 964
942 ## - ADDED ENTRY ELEMENTS (KOHA)
Koha item type Books
Holdings
Τύπος τεκμηρίου Βιβλιοθήκη Τρέχουσα τοποθεσία Barcode Αριθμός εισαγωγής Ημερομηνία απόκτησης Ταξιθετικό σύμβολο Αριθμός αντιτύπου Κατάσταση απόσυρσης Κατάσταση χαμένου Κατάσταση κατεστραμμένου Μη δανεισμός Σύνολο δανεισμών Ημερομηνία τελευταίας εμφάνισης Η τιμή ισχύει από
Books MC Athens Campus Library MC Athens Campus Library 9780000007117 1345 05/06/2025 658/.00973 PET 1           05/06/2025 05/06/2025

MC Athens Campus Library
Πατησίων 94 & Κοδριγκτώνος 13, 104 34
Πελλήνης 8 & Πατησίων 107, 112 51
Τ: +30 210 8899600

MC Thessaloniki Campus Library
Ίωνος Δραγούμη 21, 54625 | Ίωνος Δραγούμη 15, 54625
Τ: +30 2310 287779 – Τ: +30 2314 440300